Zdokonalenie vnútropodnikového riadenia a hospodárenia v podmienkach Štátneho majetku, štátny podnik Nižný Orlík záverečná práca postgraduálneho štúdia

Guardado en:
Detalles Bibliográficos
Autor principal: Lažo, Michal
Autor Corporativo: Vysoká škola ekonomická v Bratislave
Otros Autores: Laca, Jozef
Formato: Libro
Lenguaje:eslovaco
Publicado: Bratislava 1991
Etiquetas: Agregar Etiqueta
Sin Etiquetas, Sea el primero en etiquetar este registro!

MARC

LEADER 00000nam a2200000 4500
001 c029012
005 20221214095425.7
041 0 |a slo 
044 |a SK 
245 1 0 |a Zdokonalenie vnútropodnikového riadenia a hospodárenia v podmienkach Štátneho majetku, štátny podnik Nižný Orlík  |b záverečná práca postgraduálneho štúdia  |c Michal Lažo ; Ved. práce Jozef Laca 
264 1 |a Bratislava  |c 1991 
300 |a 27 s. 
100 1 |a Lažo, Michal 
700 1 |a Laca, Jozef 
710 2 |a Vysoká škola ekonomická v Bratislave